Регионална библиотека "Любен Каравелов" - Русе

Техническо чертане (Запис номер 48135)

MARC детайли
000 -Лидер
Контролно поле с фиксирана дължина 01345nam a2200313 c 4500
003 - Код на организацията, давaща контролен номер
Контролно поле BLK
005 - Дата и час на последна редакция
Контролно поле 20180420221858.0
008 - Елементи от данни с фиксирана дължина
fixed length control field 180408b bul|||||r ||||||| ||bul||
010 ## - Наследен системен номер
LC control number KNG00051951000
040 ## - Източник на каталожния запис
Идентификатор на билиотеката - собственик на записа BLK
041 ## - Код за език
Код за езика на текст/звукозапис или на отделно заглавие Български
Код за езика КДБФ Български
080 ## - УДК
Текстов определител УДК Техника. Технически науки
УДК код - определител по УДК 62
УДК определител :744(045.32)
УДК - код + определител 62:744(045.32)
100 1# - Редна дума - Автор
Автор Вишнеполски, Игор С.
Авторска отговорност първи автор
R(LIN) 48490
139 ## - Редно поле
Редна дума Вишнеполски, Игор С. и др.
Авторски знак Виш - В 67
245 10 - Сведения за заглавието
Заглавие Техническо чертане
Подзаглавни данни [Учебникз СПТУ и техникумите]
Редно поле (дума) Игор С. Вишнеполски; съавт. Константин А. Янковски; прев. от рус. Лилян Н. Цанов.
257 ## - Страна на издаване
Страна на създаване/издаване България
260 ## - Област на издателските данни
-- София
Име на издателя, разпространителя и проч. Техника
Година на издаване 1980
300 ## - Физическа характеристика
Страници 197 с.
Илюстрации и др. с черт.
Размери/Мащаб 26 см
380 ## - Жанр
Жанр Техника
650 #4 - Допълнително описание по предмет – тема
Основно описание – тема или топоним Техническо чертане - учебници за средни училища
9 (RLIN) 250280
653 ## - Ключова дума – ненормативна
Ключова дума техническо чертане
700 1# - Други автори (авторска отговорност)
Лично име Янковски, Константин А.
Автороска отговорност (Описва отношението между автора и произведението) съавт.
9 (RLIN) 145876
700 1# - Други автори (авторска отговорност)
Лично име Цанов, Лилян Н.
Автороска отговорност (Описва отношението между автора и произведението) прев. от рус.
9 (RLIN) 281891
852 ## - Местоположение
Форматна сигнатура Цб ІІ 5932
856 4# - Електронен адрес и достъп
Електронен формат pdf - файл
Път до файла /url/
856 4# - Електронен адрес и достъп
Електронен формат pdf - файл
Път до файла /url/
942 ## - АРТИКУЛИ
Вид на библиотечния материал Книги
Скрит в OPAC Не
944 ## - СЪЗДАВАНЕ И РЕДАКЦИЯ на ЗАПИСА
Създаване/Редакция Създаване
Дата на регистрацията/редакция 01.09.2016
Служител, извършил регистрацията/редакцията Ирена_Линкова
944 ## - СЪЗДАВАНЕ И РЕДАКЦИЯ на ЗАПИСА
Създаване/Редакция Редакция
Дата на регистрацията/редакция 01.09.2016
Служител, извършил регистрацията/редакцията Ирена_Линкова
999 ## - СИСТЕМНИ КОНТРОЛНИ НОМЕРА
Koha biblionumber 48135
Koha biblioitemnumber 48135
Наличности
Код за отписване Код за изгубен артикул Източник на класификационната схема Код за повреда Коз за рестрикции Код за отдаване Артикулен № Име на библиотеката - собственик Име на библиотеката, в която се намира в момента Статус (Текущо местоположение) Дата на вписване в системата Местоположение - отдел Цена в лева Инвентарен номер Систематично азбучна сигнатура Баркод Номер на екземпляра Цена в евро Служебна бележка Служебен тип на артикула
  Не е изгубен Universal Decimal Classification Не е повреден без рестрикции ползва се в читалня 75608 Регионална библиотека "Любен Каравелов" Русе Регионална библиотека "Любен Каравелов" Русе Хранилище 1980-01-01 Хранилище 0.99 310052 Цб ІІ 5932 120000310052 1 0.51 Дост: Dp Вид: Д N: сф Дата: 01.01.1980 Книги
Изтеглен Не е изгубен Universal Decimal Classification Не е повреден без рестрикции заемане за дома 75609 Регионална библиотека "Любен Каравелов" Русе Регионална библиотека "Любен Каравелов" Русе Заемна - подръчен фонд 1980-01-01 Заемна - подръчен фонд 0.99 322495 П 62/В 67 322495 2 0.51 Дост: Pk Вид: Ф N: сф Дата: 01.01.1980 Книги
Изтеглен Не е изгубен Universal Decimal Classification Не е повреден без рестрикции заемане за дома 75610 Регионална библиотека "Любен Каравелов" Русе Регионална библиотека "Любен Каравелов" Русе Заемна - подръчен фонд 1980-01-01 Заемна - подръчен фонд 0.99 322496 П 62/В 67 322496 3 0.51 Дост: Pk Вид: Ф N: сф Дата: 01.01.1980 Книги
Vip Innovations Ltd, Rousse, Bulgaria 2025